| 000 | 00968cam a22002895a 4500 | ||
|---|---|---|---|
| 001 | 17397877 | ||
| 005 | 20151203155114.0 | ||
| 008 | 120723t2011 enka frb 001 0 eng d | ||
| 020 | _a9780745647333 | ||
| 040 |
_aYDXCP _cYDXCP _dUKMGB _dNZAUC _dBDX _dYNK _dCDX _dNDD _dDEBBG _dMTG _dDLC _dEG-ScBUE _beng |
||
| 041 | 1 |
_aeng _hfre |
|
| 082 | 0 | 4 |
_222 _bMOU _a330.00 |
| 100 | 1 |
_aMoulier Boutang, Yann. _938832 |
|
| 240 | 1 | 0 |
_aCapitalisme cognitif. _lEnglish. |
| 245 | 1 | 0 |
_aCognitive capitalism / _cYann Moulier Boutang ; translated by Ed Emery. |
| 260 |
_aCambridge ; _aMalden : _bPolity Press, _cc.2011. |
||
| 300 |
_axv, 240 p. : _bill. ; _c23 cm. |
||
| 500 | _aIndex : p. 233-240. | ||
| 504 | _aBibliography : p. 219-232. | ||
| 650 | 0 |
_aCapitalism. _2BUEsh |
|
| 650 | 7 |
_aFree enterprise. _2BUEsh _93904 |
|
| 650 | 0 |
_aEconomics _xPolitical aspects. _2BUEsh |
|
| 651 | _2BUEsh | ||
| 653 |
_bBUSADM _cAugust2015 _cDecember2015 |
||
| 700 | 1 |
_aEmery, Ed, _eeditor. |
|
| 942 | _2ddc | ||
| 999 |
_c20678 _d20650 |
||